000
00243nhm a22001093a 4500
999
_c
901
_d
901
050
_a
RC954 T11 TAB
100
_a
Tabloski,Patricia A.
245
_a
GERONTOLOGICAL NURSING
260
_a
New Jersey
300
_a
xxix,862pp.,ill.,index,
942
_c
BK